000 00780nam a2200265Ia 4500
003 OSt
005 20220928102011.0
006 a|||||r|||| 00| 0
007 ta
008 220927b |||||||| |||| 00| 0 hin d
020 _cINR 450.00
024 _a144628
037 _b107, 15/03/2021, Radhika Books
_cTextual
040 _aSDCL
_cSDCL
_bhin
041 _2hin
_ahin
082 _aO152,3TM, Q8
100 _aChauhan Subhadra Kumari
_9393220
245 0 _aDevidas
260 _aNew Delhi
_bIsha Gyandeep
_c2018
300 _a136p.
_ccm.
650 _aHindi
_9391598
700 _a Tanwar Manju Ed.
_9396135
942 _hO152,3TM, Q8
_cTEXL
_2CC
999 _c711845
_d711845